| 000 | 00362cam a2200145ua 4500 | ||
|---|---|---|---|
| 003 | OSt | ||
| 008 | 250108b |||||||| |||| 00| 0 eng d | ||
| 041 | _aeng | ||
| 082 |
_a621.3851 _bVAL/NE |
||
| 100 |
_aValikenberg, Van M E . _96886 |
||
| 245 | _aNet work analysis / | ||
| 260 |
_aMumbai : _bAsia Publishing House , _c1962. |
||
| 300 | _a440 ; . | ||
| 942 | _cBK | ||
| 999 |
_c11035 _d11035 |
||